00962 2200349 4500001002100000005001500021035002000036007000300056008004100059040001200100100001100112245010700123250000900230300003400239020002200273041000800295082001000303084001600313090001600329260003000345600000900375700002600384850001000410990002400420990002400444990002400468990002400492990002400516990002400540990002400564990002400588INLIS00000000000269920260601075753 a0010-0620000072ta260601 g 0 ind  aSBPUPAD0 aHendro1 aMerancang Masa Depan Anak :bTips, Inspirasi, dan Kisah Kisah Motivasi /cHendro Editor ; Purindrawari aEd.1 ax, 118 hlm. :bilus. ;c22 cm a978-979-29-9762-00 aInd a649.1 a649.1 HEN s a649.1 HEN s aYogyakarta :bAndi,c2019 4aUmum0 aEditor: Purindraswari aPUPAD a34.521/DAK/DPK/2019 a34.523/DAK/DPK/2019 a34.524/DAK/DPK/2019 a34.521/DAK/DPK/2019 a34.522/DAK/DPK/2019 a34.523/DAK/DPK/2019 a34.524/DAK/DPK/2019 a34.521/DAK/DPK/2019